|
|
|
|
| LEADER |
00000nas a2200000 a 4500 |
| 001 |
ssj0006382 |
| 003 |
WaSeSS |
| 005 |
20200512172242.0 |
| 006 |
m d |
| 007 |
cr n |
| 008 |
050614c19719999abcqr pss o 0 a0eng c |
| 010 |
|
|
|a 2018207000
|z sn2006001081
|
| 016 |
7 |
|
|a 100972369
|2 DNLM
|
| 016 |
7 |
|
|a 016307075
|2 Uk
|
| 016 |
7 |
|
|a 2067205-6
|2 DE-600
|
| 022 |
|
|
|a 1911-0820
|y 0045-5091
|
| 035 |
|
|
|a (WaSeSS)ssj0006382
|
| 040 |
|
|
|a OCLCS
|b eng
|e pn
|c OCLCS
|d OCLCQ
|d MUQ
|d OCLCQ
|d EYM
|d OCLCE
|d OCL
|d OCLCQ
|d OCLCF
|d OCLCO
|d AUD
|d OCLCQ
|d OCLCO
|d WT2
|d DLC
|d NLE
|d EZC
|d UAB
|d VT2
|d UKMGB
|d UKBTH
|d OCLCQ
|d SFB
|d WaSeSS
|
| 041 |
0 |
|
|a eng
|a fre
|
| 042 |
|
|
|a pcc
|
| 050 |
0 |
0 |
|a B1
|
| 082 |
0 |
4 |
|a 105
|
| 130 |
0 |
|
|a Canadian journal of philosophy (Online)
|
| 245 |
1 |
0 |
|a Canadian journal of philosophy
|h [electronic resource].
|
| 246 |
1 |
|
|i Issues for <Dec. 2003-> have additional title:
|a CJP
|
| 260 |
|
|
|a Edmonton :
|b Canadian Association for Pub. in Philosophy,
|c 1971-
|
| 310 |
|
|
|a Quarterly
|
| 362 |
1 |
|
|a Print began with Vol. 1, issue 1 (1971).
|
| 500 |
|
|
|a Title from cover (JSTOR, viewed Feb. 3, 2010).
|
| 500 |
|
|
|a Published by University of Calgary Press, Mar. 1987-
|
| 500 |
|
|
|a Includes indexes.
|
| 506 |
|
|
|a License restrictions may limit access.
|
| 515 |
|
|
|a Some issues combined.
|
| 546 |
|
|
|a Includes some text in French.
|
| 588 |
|
|
|a Latest issue consulted: Vol. 48, issue 3/4 (2018) (Taylor & Francis Online, viewed Mar. 21, 2018).
|
| 650 |
|
0 |
|a Philosophy
|v Periodicals.
|
| 650 |
|
6 |
|a Philosophie
|v Périodiques.
|
| 650 |
|
7 |
|a Philosophy.
|2 fast
|0 (OCoLC)fst01060777
|
| 650 |
1 |
7 |
|a Filosofie.
|2 gtt
|
| 655 |
|
0 |
|a Electronic journals.
|
| 710 |
2 |
|
|a Canadian Association for Publishing in Philosophy.
|
| 770 |
0 |
|
|t Canadian journal of philosophy.
|
| 776 |
0 |
8 |
|i Print version:
|t Canadian journal of philosophy
|x 0045-5091
|w (DLC) 80649063
|w (OCoLC)1553152
|
| 850 |
|
|
|a DLC
|
| 856 |
4 |
0 |
|z Full text available from Research Library: 12/01/2003 to 01/31/2014
|u https://search.proquest.com/publication/31687
|